| 000 | 00492nam a22001817a 4500 | ||
|---|---|---|---|
| 003 | CEME | ||
| 005 | 20210628205139.0 | ||
| 008 | 210226b xxu||||| |||| 00| 0 eng d | ||
| 020 | _a0-8311-1152-6 | ||
| 040 | _c. | ||
| 082 | _a629.892 TVE'R | ||
| 100 |
_aTver, David F Bolz, Roger W _974161 |
||
| 245 | _aRobotics sourcebook and dictionary | ||
| 260 |
_aNEWYORK _bINDUSTRIAL PRESS _c1983 |
||
| 300 | _aVII, 258P | ||
| 650 |
_aROBOTICS SOURCEBOOK AND DICTIONARY _974162 |
||
| 942 |
_cBK _2ddc |
||
| 999 |
_c579724 _d579724 |
||